[Event "Kalyan op 2nd"]
[Site "Kalyan"]
[Date "2019.01.29"]
[Round "1"]
[White "Viraj, Gogte"]
[Black "Vijay, Anand M"]
[Result "0-1"]
[WhiteElo "1105"]
[BlackElo "1841"]
[PlyCount "112"]
[EventDate "2019.01.29"]
[EventType "swiss"]
[EventRounds "10"]
[EventCountry "IND"]
[SourceTitle "CBM 188 Extra"]
[Source "ChessBase"]
[SourceDate "2019.02.26"]
[SourceVersion "1"]
[SourceVersionDate "2019.02.26"]
[SourceQuality "1"]

1. Nf3 Nf6 2. d4 e6 3. c4 Bb4+ 4. Bd2 Bxd2+ 5. Qxd2 b6 6. Nc3 Bb7 7. e3 0-0 8. Be2 d6 9. 0-0 Nbd7 10. h3 Qe7 11. Rfe1 Ne4 12. Nxe4 Bxe4 13. Qd1 f5 14. g3 e5 15. Nd2 Bb7 16. Bf3 Bxf3 17. Nxf3 e4 18. Nd2 Qf7 19. Rc1 c5 20. Kg2 Rae8 21. f3 cxd4 22. exd4 e3 23. Nf1 f4 24. gxf4 Qxf4 25. Rc3 e2 26. Rxe2 Rxe2+ 27. Qxe2 Qxd4 28. Qe3 Qf6 29. Ng3 Ne5 30. Qd4 Qg6 31. Qe4 Qh6 32. Qd5+ Kh8 33. Qd1 Ng6 34. Qf1 Qg5 35. Kh2 Qf4 36. Kg2 Nh4+ 37. Kh2 Nf5 38. Qf2 h5 39. Kg2 Nh4+ 40. Kh1 g6 41. Ne2 Qf6 42. Qd4 Kg7 43. Qxf6+ Rxf6 44. Ng1 Kf7 45. Kh2 g5 46. Kg3 Nf5+ 47. Kf2 Nd4 48. Ne2 Nxe2 49. Kxe2 Rf4 50. b3 Rh4 51. Rd3 Rxh3 52. Rxd6 Rh2+ 53. Ke3 Rxa2 54. Rd5 Kf6 55. Rd6+ Ke7 56. Rg6 Ra5 0-1